000 00671cam a22002172 4500
001 0000002530
005 20151217145730.0
008 070412s xx 000 0 eng d
020 _a0406976627 :
_cKES 4,150
040 _aKABU
_cKABU
050 0 _aHF5635
_b.S651 2004
100 1 _aSpicer, Ernest Evan.
_@0000151911
245 1 0 _aSpicer and Pegler's financial reporting for business and practice 2004 /
_ced. by Paul Gee.
260 _aLondon :
_bLexis,
_c2004.
300 _axviii, 696 p.
650 0 _aAccounting.
_@0000148321
700 1 _aGee, Paul.
_@0000151912
908 _a070412
950 _@1
999 _c2014
_d2014